| 000 | 00636nam a2200229 a 4500 | ||
|---|---|---|---|
| 999 |
_c2426 _d2426 |
||
| 001 | 2426 | ||
| 003 | BD-JhCC | ||
| 005 | 20220522134022.0 | ||
| 008 | 171102s2003 bg |||| ||a| 000 0 ben d | ||
| 035 | _a(BD-JhCC)2426 | ||
| 040 |
_aBD-JhCC _dBD-JhCC |
||
| 041 | _aben | ||
| 082 |
_a823.92 _bALI 2003 |
||
| 100 | _aআলী, মনিকা | ||
| 245 |
_aব্রিকলেন / _cমনিকা আলী |
||
| 260 |
_aঢাকা : _bনতুন প্রকাশ, _c২০০৩. |
||
| 300 |
_a320 p. ; _c23 cm. |
||
| 650 | _aYong Women | ||
| 700 | _aহোসেন, আদিব | ||
| 942 |
_2ddc _cBK _04 |
||